Célébrités nées en France - Statistiques

Statistiques générales
  • Ce quiz a été pris 170 fois
  • Le résultat moyen est 2 sur 19
Answers on the Grid
Answers color-coded by a green-red scale on the quiz's grid according to % correct below.
Claudio Capeo
Gims
Valérie Giscard d'Estaing
Nicolas Sarkozy
Nikos Aliagas
Damso
Arthur
N'golo Kante
Luka Karabatic
Sébastien Loeb
Léa Salamé
Pierre Gasly
Tony Parker
Zinedine Zidane
Sébastien Chabal
Charles Leclerc
Florent Pagny
Amel Bent
Alain Souchon
Vianney
Chris Marques
Stéphane Bern
Eden Hazard
Lorànt Deutsch
Riyad Mahrez
Patrick Bruel
Karine le Marchand
Karim Benzema
Patrick Vieira
Earvin Ngapeth
 
Statistiques - réponses
Réponse % Correct
Claudio Capeo
55%
Nicolas Sarkozy
35%
Zinedine Zidane
23%
Sébastien Loeb
15%
Amel Bent
14%
Karim Benzema
13%
Pierre Gasly
13%
Florent Pagny
11%
Karine le Marchand
11%
Vianney
11%
Sébastien Chabal
9%
N'golo Kante
7%
Stéphane Bern
7%
Riyad Mahrez
6%
Lorànt Deutsch
5%
Earvin Ngapeth
4%
Luka Karabatic
3%
Nikos Aliagas
3%
Chris Marques
2%
Aucun quiz correspondant
Distribution des résultats
% des personnes avec chaque résultat
Percentile par nombre de réponses
Votre historique - résultats
Vous n’avez pas pris ce quiz